00411nam a2200121Ia 4500008004100000100002100041245003600062245002200098260000900120856006800129999001900197952007300216160531s9999 xx 000 0 und d aNazari, Stefano. aFront Lines of Thoracic Surgery cby Stefano Nazari c2012 uhttp://www.intechopen.com/books/front-lines-of-thoracic-surgery c295489d295489 001040aCLbCLd2016-05-31l0r2016-05-31 00:00:00w2016-05-31yCBE